Acronymes - 4 lettres - C - Statistiques

Statistiques générales
  • Ce quiz a été pris 47 fois
  • Le résultat moyen est 33 sur 87
Statistiques - réponses
HINT ANSWER % Correct
National
83%
National
83%
CCAS Centre
76%
CNED Centre
76%
CNES Centre
76%
CNAM Caisse
69%
CPAM Caisse
69%
CRAM Caisse
69%
Maladie
64%
Maladie
64%
Maladie
64%
Assurance
62%
Assurance
62%
Assurance
62%
Européen
62%
Droits
55%
Droits
55%
Européenne
55%
Européenne
55%
Européenne
55%
Français
52%
Homme
52%
Homme
52%
Nationale
52%
Nationale
52%
Social
52%
Social
52%
Primaire
50%
Régional
50%
Travail
50%
Acier
48%
Charbon
45%
CEDH Cour
45%
Sociale
43%
COJO Comité
40%
CFDT Confédération
40%
CFTC Confédération
40%
CECA Communauté
38%
CERN Conseil
38%
CESE Conseil
38%
CESR Conseil
38%
CFCM Conseil
38%
CRIF Conseil
38%
Recherche
38%
CPGE Classes
36%
CADA Commission
36%
CNIL Commission
36%
Communal
36%
Écoles
36%
Études
36%
Grandes
36%
Préparatoires
36%
Action
33%
Enseignement
33%
Française
33%
Française
33%
Informatique
33%
Régionale
33%
Distance
31%
Économique
29%
Économique
29%
France
29%
Libertés
26%
Nucléaire
26%
Jeux
21%
Olympiques
21%
Organisation
21%
Accès
19%
CEDH Convention
19%
CICE Crédit
17%
Environnemental
17%
Travailleurs
17%
Travailleurs
17%
Spatiales
12%
Administratifs
10%
Documents
10%
Impôt
10%
Institutions
10%
Chrétiens
7%
Culte
7%
Représentatif
7%
Démocratique
5%
Juives
5%
Musulman
5%
Salariés
2%
Compétitivité
0%
Emploi
0%
Aucun quiz correspondant
Distribution des résultats
% des personnes avec chaque résultat
Percentile par nombre de réponses
Votre historique - résultats
Vous n’avez pas pris ce quiz